| 000 | 01555cam a22002535a 4500 | ||
|---|---|---|---|
| 001 | ##L135625 | ||
| 008 | 040217c2007 xxkqr m s s 000 0 eng d | ||
| 022 | _a0308-079X | ||
| 035 | _a(Sirsi) u135625 | ||
| 041 | 0 | _aeng | |
| 050 | 0 | 4 | _a338.4569 $2 18 |
| 110 | 2 |
_aExperian Business Strategies _bConstruction Forecasting and Research Ltd _94792 |
|
| 245 | 0 | 0 | _aConstruction forecasts 2007-2009 |
| 260 |
_aLondon _bExperian Business Strategies _c2007- |
||
| 362 | 0 | _a13(1) Winter 2006/07- | |
| 490 | 0 |
_aExperian Business Strategies Construction Forecasting and Research Construction Forecasts _v13(1) Winter 2006/07- |
|
| 505 | 2 | _aMacroeconomic outlook -- Housing -- Housing repair, maintenance and improvement -- Infrastructure -- Public non-residential construction -- Private industrial construction -- Private commercial construction -- Non-residential repair and maintenance -- Health and education output -- Construction output in current prices -- Regional housing data -- Regional infrastructure data -- Regional public non-residential data -- Regional private non-residential data -- Definitions: types and examples of construction work | |
| 520 | _aQuarterly forecast of data for the UK construction industry predicting the growth in key parts of the sector. | ||
| 650 | 2 | 4 | _aEXPERIAN BUSINESS STRATEGIES CONSTRUCTION FORECASTING AND RESEARCH CONSTRUCTION FORECASTS |
| 651 |
_aUnited Kingdom _y |
||
| 690 | _aBUILT ENVIRONMENT-CONSTRUCTION MARKET | ||
| 710 | 2 |
_aForecasting Committee for the Construction Industries _93476 |
|
| 942 | _n0 | ||
| 999 |
_c118869 _d118869 |
||